Normal view
MARC view
Entry Personal Name
001 - CONTROL NUMBER
- control field: 544
003 - CONTROL NUMBER IDENTIFIER
- control field: BD-RjUL
005 - DATE AND TIME OF LATEST TRANSACTION
- control field: 20220105144840.0
008 - FIXED-LENGTH DATA ELEMENTS
- fixed length control field: 220105|| aca||aabn | a|a d
040 ## - CATALOGING SOURCE
- Original cataloging agency: BD-RjUL
- Transcribing agency: BD-RjUL
100 ## - HEADING--PERSONAL NAME
- Personal name: ইলিয়াস, খোন্দকার মোহাম্মদ
670 ## - SOURCE DATA FOUND
- Source citation: Work cat.: (BD-RjUL)79125: ইলিয়াস, খোন্দকার মোহাম্মদ, মুজিববাদ / , ২০২১